[Event "Europa ch 2014"]
[Site "Yerevan ARM"]
[Date "2014.03.12"]
[Round "9.75"]
[White "Sargissyan, Sargis"]
[Black "Alekseenko, Kirill"]
[Result "1-0"]
[WhiteElo "2242"]
[BlackElo "2461"]
[PlyCount "115"]
[EventDate "2014.03.03"]
[EventType "swiss"]
[EventRounds "11"]
[EventCountry "ARM"]
[Source "lmi"]
[SourceDate "2014.03.02"]

1. e4 c5 2. Nf3 Nc6 3. d4 cxd4 4. Nxd4 Qb6 5. Nb3 Nf6 6. Nc3 e6 7. Be3 Qc7 8.
Bd3 Bb4 9. Bd2 O-O 10. O-O Bxc3 11. Bxc3 e5 12. f4 Re8 13. Qe1 d6 14. Qh4 Ne7
15. Qg3 Ng6 16. f5 Nf4 17. Bd2 d5 18. exd5 N4xd5 19. Kh1 e4 20. Qxc7 Nxc7 21.
Be2 e3 22. Be1 b6 23. Bg3 Ncd5 24. c4 Nb4 25. a3 Nc6 26. c5 Ne4 27. cxb6 Nxg3+
28. hxg3 axb6 29. Bf3 Bb7 30. Rac1 Nd8 31. Rfe1 Rc8 32. Rxc8 Bxc8 33. Nd4 Nb7
34. g4 h5 35. Nc2 hxg4 36. Bxg4 Re4 37. Bf3 Rh4+ 38. Kg1 Nd6 39. Rd1 Rh6 40.
Nxe3 Nxf5 41. Rd8+ Kh7 42. Ng4 Re6 43. Rxc8 Ng3 44. Rc6 Re7 45. Rxb6 f5 46.
Nf6+ gxf6 47. Rb7 Ne2+ 48. Kf1 Rxb7 49. Bxb7 Nc1 50. a4 Nb3 51. Bd5 Nd4 52. a5
Kg7 53. a6 Nb5 54. Ke2 Kf8 55. Kd3 Ke7 56. Kc4 Na7 57. Kc5 Kd7 58. Bb7 1-0

[Event "Europa ch 2014"]
[Site "Yerevan ARM"]
[Date "2014.03.12"]
[Round "9.76"]
[White "Zanan, Evgeny"]
[Black "Melia, Salome"]
[Result "0-1"]
[WhiteElo "2236"]
[BlackElo "2453"]
[PlyCount "86"]
[EventDate "2014.03.03"]
[EventType "swiss"]
[EventRounds "11"]
[EventCountry "ARM"]
[Source "lmi"]
[SourceDate "2014.03.02"]

1. d4 Nf6 2. c4 e6 3. Nc3 Bb4 4. e3 O-O 5. Nge2 d5 6. a3 Bd6 7. Ng3 c5 8. dxc5
Bxc5 9. b4 Be7 10. Bb2 Nc6 11. cxd5 exd5 12. Be2 d4 13. exd4 Qxd4 14. O-O Qh4
15. Nd5 Nxd5 16. Qxd5 Rd8 17. Qe4 Qxe4 18. Nxe4 a5 19. b5 Nd4 20. Bc4 Bf5 21.
Ng3 Bg6 22. f4 Rac8 23. Rac1 Nc2 24. Bb3 Bd3 25. Rf3 Bc5+ 26. Kh1 Be3 27. Rd1
Be2 28. Rxd8+ Rxd8 29. Bxc2 Bxf3 30. gxf3 Rd2 31. Bc1 Rxc2 32. Bxe3 Rc3 33. Nf5
Rxa3 34. Bc5 Rxf3 35. Kg2 Rb3 36. Nd4 Rc3 37. Bd6 a4 38. Ne2 Rb3 39. Kf2 a3 40.
Be5 Rxb5 41. Bd4 Rb1 42. Nc3 Rb2+ 43. Ke3 a2 0-1

[Event "Europa ch 2014"]
[Site "Yerevan ARM"]
[Date "2014.03.12"]
[Round "9.77"]
[White "Kreisl, Robert"]
[Black "Sibashvili, Giorgi"]
[Result "1/2-1/2"]
[WhiteElo "2437"]
[BlackElo "2239"]
[PlyCount "80"]
[EventDate "2014.03.03"]
[EventType "swiss"]
[EventRounds "11"]
[EventCountry "ARM"]
[Source "lmi"]
[SourceDate "2014.03.02"]

1. Nf3 c5 2. c4 Nc6 3. Nc3 Nf6 4. d4 cxd4 5. Nxd4 e6 6. Bf4 Bb4 7. Ndb5 O-O 8.
Bc7 Qe7 9. Bd6 Bxd6 10. Qxd6 Qxd6 11. Nxd6 Ne8 12. Rd1 Nxd6 13. Rxd6 f6 14. g3
Kf7 15. Bg2 Ke7 16. Rd2 Ne5 17. b3 d6 18. O-O Rd8 19. Rfd1 Nf7 20. f4 Rb8 21.
Rd3 Bd7 22. Re3 Bc6 23. Bh3 e5 24. Nd5+ Kf8 25. a4 Bd7 26. Bxd7 Rxd7 27. Nc3
Ke7 28. Red3 Rc8 29. Nd5+ Kf8 30. Nc3 Rc6 31. Kg2 b6 32. Rd5 Ke8 33. Ne4 Ke7
34. h3 Nd8 35. fxe5 fxe5 36. a5 Ne6 37. axb6 axb6 38. R5d3 Nc5 39. Re3 Nxe4 40.
Rxe4 Rc5 1/2-1/2

[Event "Europa ch 2014"]
[Site "Yerevan ARM"]
[Date "2014.03.12"]
[Round "9.78"]
[White "Sargsyan, Shant"]
[Black "Minasian, Ara"]
[Result "1/2-1/2"]
[WhiteElo "2027"]
[BlackElo "2432"]
[PlyCount "80"]
[EventDate "2014.03.03"]
[EventType "swiss"]
[EventRounds "11"]
[EventCountry "ARM"]
[Source "lmi"]
[SourceDate "2014.03.02"]

1. d4 e6 2. c4 f5 3. Nf3 Nf6 4. g3 Be7 5. Bg2 O-O 6. O-O d6 7. Nc3 Qe8 8. Re1
Qg6 9. e4 Nxe4 10. Nxe4 fxe4 11. Rxe4 Nc6 12. Qe2 Bd7 13. Bd2 Rae8 14. Re1 Bf6
15. Bc3 h6 16. Nh4 Bxh4 17. Rxh4 e5 18. Bd5+ Kh8 19. dxe5 Nxe5 20. Qd2 Bc6 21.
Bxc6 bxc6 22. Bxe5 Rxe5 23. Rxe5 dxe5 24. Qe2 Rf4 25. Rxf4 exf4 26. Kg2 fxg3
27. hxg3 c5 28. b3 Kh7 29. Qe5 Qc6+ 30. Kg1 Kg6 31. Qe7 Qd6 32. Qe4+ Kf6 33.
Qh4+ Kg6 34. Qe4+ Kf6 35. Qh4+ Kg6 36. Qe4+ Kf6 37. Qh4+ Kg6 38. Qe4+ Kf6 39.
Qh4+ Kg6 40. Qe4+ Kf6 1/2-1/2

[Event "Europa ch 2014"]
[Site "Yerevan ARM"]
[Date "2014.03.12"]
[Round "9.79"]
[White "Khismatullin, Denis"]
[Black "Baghdasaryan, Vahe"]
[Result "0-1"]
[WhiteElo "2714"]
[BlackElo "2368"]
[PlyCount "90"]
[EventDate "2014.03.03"]
[EventType "swiss"]
[EventRounds "11"]
[EventCountry "ARM"]
[Source "lmi"]
[SourceDate "2014.03.02"]

1. c4 c6 2. Nf3 d5 3. e3 Nf6 4. Nc3 Nbd7 5. d4 e6 6. Qc2 Bd6 7. Bd3 O-O 8. O-O
dxc4 9. Bxc4 a6 10. Rd1 b5 11. Bf1 Qc7 12. e4 e5 13. g3 Re8 14. Bg2 c5 15. dxe5
Nxe5 16. Nxe5 Bxe5 17. Ne2 Bb7 18. f3 c4 19. Be3 Bd6 20. Nc3 h5 21. Bd4 h4 22.
Bxf6 gxf6 23. f4 hxg3 24. hxg3 Bc5+ 25. Kf1 Ba7 26. Bf3 f5 27. Kg2 fxe4 28.
Nxe4 Rxe4 29. Bxe4 Re8 30. Bd5 Qd7 31. Qg6+ Kf8 32. Qh6+ Kg8 33. Qg5+ Kf8 34.
Qh6+ Kg8 35. Qh5 Kg7 36. Rd2 Rh8 37. Qg5+ Kf8 38. Rad1 Be3 39. Qe5 Qh3+ 40. Kf3
Bxd2 41. Bxb7 Ba5 42. Bxa6 Rh6 43. Qxb5 Rg6 44. Rg1 Qg4+ 45. Ke4 Qe2+ 0-1

[Event "Europa ch 2014"]
[Site "Yerevan ARM"]
[Date "2014.03.12"]
[Round "9.80"]
[White "Ipatov, Alexander"]
[Black "Chighladze, Iveri"]
[Result "1-0"]
[WhiteElo "2614"]
[BlackElo "2365"]
[PlyCount "88"]
[EventDate "2014.03.03"]
[EventType "swiss"]
[EventRounds "11"]
[EventCountry "ARM"]
[Source "lmi"]
[SourceDate "2014.03.02"]

1. d4 d5 2. Nf3 Nf6 3. c4 e6 4. Nc3 Be7 5. Bg5 O-O 6. e3 h6 7. Bh4 Ne4 8. Bxe7
Qxe7 9. Rc1 c6 10. h4 Nd7 11. g4 e5 12. g5 h5 13. cxd5 Nxc3 14. Rxc3 cxd5 15.
Bb5 exd4 16. Qxd4 Rd8 17. g6 Nf8 18. gxf7+ Qxf7 19. Ng5 Qf6 20. Qxf6 gxf6 21.
Nf3 Bg4 22. Rg1 Kh8 23. Nd4 Rac8 24. Rxc8 Rxc8 25. Kd2 Rc7 26. Bd3 Rg7 27. Rc1
Ne6 28. Rc8+ Rg8 29. Rxg8+ Kxg8 30. Nxe6 Bxe6 31. Kc3 Kf7 32. Kd4 Kf8 33. Bc2
Ke7 34. Bb3 Kd6 35. e4 b6 36. Bxd5 Bd7 37. b4 Bc6 38. a3 Be8 39. f4 Bg6 40. Bc4
Ke7 41. Be2 Be8 42. e5 fxe5+ 43. fxe5 Ke6 44. Bc4+ Ke7 1-0

[Event "Europa ch 2014"]
[Site "Yerevan ARM"]
[Date "2014.03.12"]
[Round "9.81"]
[White "Svetushkin, Dmitry"]
[Black "Kozlitin, Roman"]
[Result "1/2-1/2"]
[WhiteElo "2582"]
[BlackElo "2365"]
[PlyCount "33"]
[EventDate "2014.03.03"]
[EventType "swiss"]
[EventRounds "11"]
[EventCountry "ARM"]
[Source "lmi"]
[SourceDate "2014.03.02"]

1. e4 e5 2. Nf3 Nc6 3. Bb5 a6 4. Ba4 Nf6 5. O-O Be7 6. Re1 b5 7. Bb3 O-O 8. h3
Bb7 9. d3 d5 10. exd5 Nxd5 11. Nxe5 Nxe5 12. Rxe5 Qd6 13. Re1 c5 14. Nd2 Rae8
15. a4 c4 16. dxc4 Nf4 17. Nf3 1/2-1/2

[Event "Europa ch 2014"]
[Site "Yerevan ARM"]
[Date "2014.03.12"]
[Round "9.82"]
[White "Halkias, Stelios"]
[Black "Ramazian, Arshak"]
[Result "1-0"]
[WhiteElo "2551"]
[BlackElo "2336"]
[PlyCount "91"]
[EventDate "2014.03.03"]
[EventType "swiss"]
[EventRounds "11"]
[EventCountry "ARM"]
[Source "lmi"]
[SourceDate "2014.03.02"]

1. d4 d5 2. c4 e6 3. Nf3 Nf6 4. e3 c6 5. Bd3 Nbd7 6. b3 Bd6 7. Bb2 Qe7 8. Ne5
Nxe5 9. dxe5 Bb4+ 10. Nd2 Nd7 11. O-O Ba3 12. Bxa3 Qxa3 13. f4 Qe7 14. Nf3 g6
15. Qe1 Nc5 16. Bc2 dxc4 17. bxc4 b6 18. Rd1 Ba6 19. Qc3 O-O 20. Rd4 Rfd8 21.
Rfd1 Rd7 22. Rxd7 Nxd7 23. Rd6 Nc5 24. Qd4 Rc8 25. Ng5 Rc7 26. Ne4 Nxe4 27.
Bxe4 c5 28. Qd3 Kg7 29. g3 Bb7 30. Bxb7 Rxb7 31. e4 Rc7 32. a4 Qe8 33. Rd8 Qe7
34. Qd6 Rb7 35. Kf2 f6 36. Ke3 Qxd6 37. exd6 e5 38. Rc8 Kh6 39. Rc7 Rb8 40. Rf7
exf4+ 41. gxf4 a6 42. e5 fxe5 43. fxe5 b5 44. cxb5 axb5 45. axb5 Rxb5 46. d7
1-0

[Event "Europa ch 2014"]
[Site "Yerevan ARM"]
[Date "2014.03.12"]
[Round "9.83"]
[White "Petenyi, Tamas"]
[Black "Pavlidis, Anastasios"]
[Result "1-0"]
[WhiteElo "2468"]
[BlackElo "2340"]
[PlyCount "115"]
[EventDate "2014.03.03"]
[EventType "swiss"]
[EventRounds "11"]
[EventCountry "ARM"]
[Source "lmi"]
[SourceDate "2014.03.02"]

1. e4 c5 2. b3 d6 3. f4 Nf6 4. Nc3 a6 5. Bb2 Nc6 6. Nf3 Bg4 7. Be2 b5 8. e5
dxe5 9. fxe5 Nd7 10. Ng5 Bxe2 11. e6 fxe6 12. Qxe2 Nd4 13. Qd3 Nf6 14. O-O-O g6
15. Nce4 Bg7 16. Nxc5 e5 17. Bxd4 Qxd4 18. Qxd4 exd4 19. Nce6 Bh6 20. Nf3 Rc8
21. Nexd4 Ne4 22. Rhf1 Nc3 23. Rde1 Nxa2+ 24. Kb1 Nb4 25. Re6 O-O 26. Rxe7 Rfd8
27. Ne6 Re8 28. Rxe8+ Rxe8 29. Ned4 Bg7 30. Rf2 g5 31. Re2 Rf8 32. h3 h5 33.
Re4 Rc8 34. Nf5 Bf8 35. c3 Rc5 36. g4 hxg4 37. hxg4 Nd5 38. Nxg5 Nf6 39. Rf4
Re5 40. Nf3 Re4 41. Rxe4 Nxe4 42. Kc2 Kf7 43. Ne5+ Ke6 44. Ng6 Bc5 45. d4 Ba7
46. b4 Bb8 47. Nf8+ Kd5 48. Nd7 Bf4 49. Nc5 Nf6 50. Ne7+ Kd6 51. Ng6 Bh2 52. g5
Nh7 53. Ne4+ Ke6 54. Nh4 Bf4 55. g6 Nf6 56. Nc5+ Kd5 57. g7 a5 58. bxa5 1-0

[Event "Europa ch 2014"]
[Site "Yerevan ARM"]
[Date "2014.03.12"]
[Round "9.84"]
[White "Hayrapetyan, Hovik"]
[Black "Musalov, Ruslan"]
[Result "0-1"]
[WhiteElo "2458"]
[BlackElo "2340"]
[PlyCount "84"]
[EventDate "2014.03.03"]
[EventType "swiss"]
[EventRounds "11"]
[EventCountry "ARM"]
[Source "lmi"]
[SourceDate "2014.03.02"]

1. d4 d5 2. c4 e6 3. Nc3 Nf6 4. Nf3 Be7 5. g3 O-O 6. Bg2 Nbd7 7. O-O c6 8. Nd2
c5 9. cxd5 cxd4 10. dxe6 dxc3 11. exd7 cxb2 12. Bxb2 Bxd7 13. Nb3 a5 14. Qd4
Rc8 15. Rac1 b6 16. Qd3 Bg4 17. Qb5 Qd6 18. Bd4 Qb4 19. Bc6 Qxb5 20. Bxb5 Ba3
21. Rcd1 Bh3 22. Bd3 Bxf1 23. Kxf1 a4 24. Nd2 Rc1 25. Rxc1 Bxc1 26. Nb1 Nd5 27.
a3 Bg5 28. e4 Bf6 29. e5 Be7 30. Ke2 Rd8 31. Bb2 b5 32. Nd2 b4 33. axb4 Bxb4
34. Nc4 Nc3+ 35. Bxc3 Bxc3 36. f4 Bb2 37. Bb1 Bc1 38. Ba2 Rd4 39. Kf3 Kf8 40.
f5 Ba3 41. g4 Bc5 42. f6 Rd1 0-1

[Event "Europa ch 2014"]
[Site "Yerevan ARM"]
[Date "2014.03.12"]
[Round "9.85"]
[White "Shahinyan, David"]
[Black "Sipila, Vilka"]
[Result "1-0"]
[WhiteElo "2356"]
[BlackElo "2457"]
[PlyCount "45"]
[EventDate "2014.03.03"]
[EventType "swiss"]
[EventRounds "11"]
[EventCountry "ARM"]
[Source "lmi"]
[SourceDate "2014.03.02"]

1. e4 c5 2. Nc3 Nc6 3. g3 Nf6 4. Bg2 e6 5. d3 Be7 6. Nge2 d5 7. exd5 exd5 8.
Bg5 d4 9. Bxf6 Bxf6 10. Nd5 Be5 11. O-O O-O 12. c4 dxc3 13. bxc3 Qa5 14. f4 Bd6
15. f5 Re8 16. g4 Qd8 17. Nef4 Qh4 18. h3 Bd7 19. Qd2 Rab8 20. Nh5 Kh8 21. f6
g6 22. Qh6 gxh5 23. Qg7# 1-0

[Event "Europa ch 2014"]
[Site "Yerevan ARM"]
[Date "2014.03.12"]
[Round "9.86"]
[White "Schreiner, Peter"]
[Black "Deac, Bogdan-Daniel"]
[Result "1-0"]
[WhiteElo "2455"]
[BlackElo "2322"]
[PlyCount "73"]
[EventDate "2014.03.03"]
[EventType "swiss"]
[EventRounds "11"]
[EventCountry "ARM"]
[Source "lmi"]
[SourceDate "2014.03.02"]

1. d4 Nf6 2. Nf3 g6 3. g3 Bg7 4. Bg2 O-O 5. O-O d6 6. c4 Nc6 7. Nc3 a6 8. d5
Na5 9. b3 c5 10. dxc6 Nxc6 11. Bb2 Qa5 12. Qc1 Bd7 13. Rd1 Rac8 14. Nd5 Nxd5
15. Rxd5 Bxb2 16. Qxb2 Qc7 17. Qd2 Bg4 18. Rd1 Bxf3 19. exf3 Qb6 20. f4 Qb4 21.
Qb2 Rc7 22. h4 f6 23. h5 Nd8 24. a3 Qb6 25. hxg6 hxg6 26. Be4 f5 27. Bf3 Nf7
28. R5d2 Re8 29. Kg2 a5 30. Qc3 a4 31. b4 Qa6 32. Bd5 e6 33. Re2 Rce7 34. Rde1
Nd8 35. Qf6 Rf7 36. Rxe6 Nxe6 37. Rxe6 1-0

[Event "Europa ch 2014"]
[Site "Yerevan ARM"]
[Date "2014.03.12"]
[Round "9.87"]
[White "Salomon, Johan"]
[Black "Chibukhchian, Artur"]
[Result "1/2-1/2"]
[WhiteElo "2340"]
[BlackElo "2446"]
[PlyCount "166"]
[EventDate "2014.03.03"]
[EventType "swiss"]
[EventRounds "11"]
[EventCountry "ARM"]
[Source "lmi"]
[SourceDate "2014.03.02"]

1. c4 e5 2. g3 Nf6 3. Bg2 c6 4. d4 exd4 5. Qxd4 d5 6. Nf3 Be6 7. O-O dxc4 8.
Qxd8+ Kxd8 9. Ng5 Nbd7 10. Rd1 Ke8 11. Nxe6 fxe6 12. Nd2 Nb6 13. Bh3 e5 14. Nf3
e4 15. Ne5 Bc5 16. Bg5 Rf8 17. e3 Nfd5 18. Rac1 h6 19. Rxc4 Be7 20. Bxe7 Nxc4
21. Bxf8 Nxe5 22. Bxg7 Nf3+ 23. Kg2 Rd8 24. Rf1 Kf7 25. Bxh6 Kg6 26. Bf4 Nf6
27. Be6 Rd2 28. Rb1 a5 29. h4 Kh5 30. g4+ Nxg4 31. Bf7+ Kxh4 32. Rh1+ Nfh2 33.
Bg3+ Kg5 34. Be6 Rxb2 35. Bxh2 Nxe3+ 36. Kg3 Nf5+ 37. Bxf5 Kxf5 38. Ra1 a4 39.
a3 b6 40. Rc1 c5 41. Rc4 Rb3+ 42. Kg2 Rxa3 43. Bc7 Rb3 44. Rxa4 b5 45. Ra6 Rb2
46. Rc6 e3 47. Rxc5+ Kg4 48. Bg3 exf2 49. Bxf2 Kf4 50. Rd5 Ke4 51. Rd4+ Ke5 52.
Rh4 Kd5 53. Kf3 Rb3+ 54. Be3 Rb2 55. Rd4+ Kc6 56. Ke4 Rc2 57. Kd3 Rc4 58. Rd8
Kc7 59. Rh8 Kb7 60. Rh7+ Kc6 61. Rh6+ Kd5 62. Rh5+ Kc6 63. Bd4 Ra4 64. Ke4 Rc4
65. Rh6+ Kc7 66. Kd5 Rc1 67. Rh7+ Kc8 68. Bc5 Kd8 69. Kc6 Ke8 70. Re7+ Kd8 71.
Rf7 Re1 72. Rf8+ Re8 73. Rf1 Re2 74. Bb4 Rc2+ 75. Kd6 Ke8 76. Bc5 Rh2 77. Kc6
Rh8 78. Bd6 Rg8 79. Rf5 Rh8 80. Rf6 Rg8 81. Bb4 Rh8 82. Kd6 Rf8 83. Rh6 Kf7
1/2-1/2

[Event "Europa ch 2014"]
[Site "Yerevan ARM"]
[Date "2014.03.12"]
[Round "9.88"]
[White "Petrosian, Davit G"]
[Black "Manukyan, Sargis A"]
[Result "1-0"]
[WhiteElo "2431"]
[BlackElo "2123"]
[PlyCount "113"]
[EventDate "2014.03.03"]
[EventType "swiss"]
[EventRounds "11"]
[EventCountry "ARM"]
[Source "lmi"]
[SourceDate "2014.03.02"]

1. e4 c5 2. d3 g6 3. g3 Bg7 4. Bg2 Nc6 5. f4 e6 6. Nf3 Nge7 7. O-O O-O 8. c3 b6
9. Be3 Ba6 10. Bf2 d5 11. e5 Qd7 12. Na3 Rac8 13. Re1 d4 14. c4 Nf5 15. Nc2
Rcd8 16. Ng5 Ne3 17. Nxe3 dxe3 18. Bxe3 Nb4 19. Ne4 Nxd3 20. Re2 Nxe5 21. Rd2
Nd3 22. Qb3 b5 23. Qa3 bxc4 24. Qxa6 Bd4 25. Kh1 Kg7 26. Bg1 Bxg1 27. Rxg1 Qd4
28. Qxa7 Qe3 29. Qa5 Rd4 30. Ng5 e5 31. Nf3 Ra8 32. Qxa8 Qxd2 33. h3 Qe3 34. f5
Rf4 35. fxg6 hxg6 36. Kh2 Rf5 37. Nh4 Rf2 38. Qd5 Nxb2 39. Nf3 Nd3 40. Rf1 c3
41. Rxf2 Nxf2 42. Nxe5 Kf6 43. Qd6+ Kg7 44. Qe7 Ng4+ 45. hxg4 Qh6+ 46. Qh4 Qe3
47. Nc4 Qd4 48. Na3 Qa4 49. Qe7 Qxa3 50. Bd5 Qb2+ 51. Kh3 Qf2 52. Qe5+ Kh7 53.
Qxc3 f5 54. Qe5 Qf1+ 55. Kh4 fxg4 56. Kg5 Qf8 57. Qc7+ 1-0

[Event "Europa ch 2014"]
[Site "Yerevan ARM"]
[Date "2014.03.12"]
[Round "9.89"]
[White "Vardanian, Hakob"]
[Black "Grishchenko, Sergey1"]
[Result "1/2-1/2"]
[WhiteElo "2270"]
[BlackElo "2431"]
[PlyCount "81"]
[EventDate "2014.03.03"]
[EventType "swiss"]
[EventRounds "11"]
[EventCountry "ARM"]
[Source "lmi"]
[SourceDate "2014.03.02"]

1. Nf3 d5 2. g3 c5 3. Bg2 Nc6 4. d3 Nf6 5. O-O g6 6. c4 Bg7 7. Nc3 O-O 8. cxd5
Nxd5 9. Nxd5 Qxd5 10. Be3 Qh5 11. Rc1 b6 12. Ng5 Bb7 13. Bf3 Qh6 14. Ne6 Qh3
15. Nxf8 Ne5 16. Rc4 Bxf3 17. exf3 Nxc4 18. dxc4 Rxf8 19. b3 Qc8 20. Qc2 Rd8
21. Rd1 Rd7 22. Rxd7 Qxd7 23. Qe4 h6 24. h4 f5 25. Qa8+ Kf7 26. Kg2 Qe6 27. a4
Bd4 28. Bxh6 Qe2 29. Qf8+ Ke6 30. Qg8+ Kd7 31. Qd5+ Ke8 32. Qa8+ Kf7 33. Qf8+
Ke6 34. Qg8+ Kd7 35. Qd5+ Ke8 36. Qa8+ Kf7 37. Qf8+ Ke6 38. Qg8+ Kd7 39. Qd5+
Ke8 40. Qa8+ Kf7 41. Qf8+ 1/2-1/2

[Event "Europa ch 2014"]
[Site "Yerevan ARM"]
[Date "2014.03.12"]
[Round "9.90"]
[White "Alaverdyan, Gevorg"]
[Black "Meribanov, Vitaly"]
[Result "1-0"]
[WhiteElo "2311"]
[BlackElo "2410"]
[PlyCount "137"]
[EventDate "2014.03.03"]
[EventType "swiss"]
[EventRounds "11"]
[EventCountry "ARM"]
[Source "lmi"]
[SourceDate "2014.03.02"]

1. d4 Nf6 2. Nf3 c5 3. c3 e6 4. g3 d5 5. Bg2 Nc6 6. O-O cxd4 7. cxd4 Be7 8. Nc3
O-O 9. Ne5 Bd7 10. Bg5 h6 11. Bxf6 Bxf6 12. Nxc6 Bxc6 13. e3 Qb6 14. Qd2 Rac8
15. Rfc1 Rc7 16. Rc2 Rfc8 17. Rac1 Be7 18. Bf1 Be8 19. Bd3 a6 20. Ne2 Rc6 21.
a3 Qd8 22. Rxc6 Rxc6 23. Rxc6 Bxc6 24. Qc3 Bd7 25. Nc1 a5 26. Nb3 b6 27. Nd2 a4
28. Bc2 b5 29. Nf3 f6 30. Qd3 f5 31. Ne5 Be8 32. Qc3 Bd6 33. Nd3 Kf7 34. Bd1 g6
35. Kf1 Kf6 36. f4 g5 37. Kf2 g4 38. Be2 h5 39. Nc5 Qb6 40. Qb4 Qc6 41. Ke1 Be7
42. Kd2 Kf7 43. Qc3 h4 44. Nd3 Qb7 45. Qa5 h3 46. Nc5 Qb8 47. Qa6 Bd6 48. Nb7
Be7 49. Bxb5 Bxb5 50. Qxb5 Bh4 51. Qd7+ Kf6 52. Qh7 Bxg3 53. hxg3 h2 54. b4
Qxb7 55. Qxh2 Qb5 56. Qe2 Qe8 57. b5 Qh8 58. b6 Qh1 59. Qe1 Qg2+ 60. Kc3 Qa2
61. Kb4 Qb3+ 62. Ka5 Qxa3 63. Qb4 Qc1 64. b7 Qc7+ 65. Kxa4 Qb8 66. Qb6 Ke7 67.
Kb5 Kd7 68. Qc6+ Kd8 69. Kb6 1-0

[Event "Europa ch 2014"]
[Site "Yerevan ARM"]
[Date "2014.03.12"]
[Round "9.91"]
[White "Lugovskoy, Maxim"]
[Black "Machkalyan, Haik"]
[Result "1-0"]
[WhiteElo "2397"]
[BlackElo "1874"]
[PlyCount "101"]
[EventDate "2014.03.03"]
[EventType "swiss"]
[EventRounds "11"]
[EventCountry "ARM"]
[Source "lmi"]
[SourceDate "2014.03.02"]

1. e4 e6 2. d4 d5 3. Nc3 Bb4 4. exd5 exd5 5. Bd3 Be6 6. Nge2 Nc6 7. O-O Qf6 8.
Nb5 Ba5 9. Bf4 Rc8 10. c3 a6 11. Na3 Nge7 12. Qd2 Bf5 13. Bg5 Qd6 14. Nc2 O-O
15. b4 Bb6 16. a4 Bxd3 17. Qxd3 a5 18. b5 Nd8 19. Ne3 f6 20. Bh4 c6 21. c4 Bc7
22. Bg3 Qd7 23. Bxc7 Rxc7 24. c5 Nf7 25. Rfe1 Nh6 26. Rab1 Re8 27. Ng3 Rcc8 28.
Re2 f5 29. f4 Rf8 30. Ngf1 Ng6 31. g3 Rfe8 32. Nd2 Qe6 33. Rbe1 Qf7 34. Nf3 Rf8
35. Ng5 Qd7 36. h3 Rfe8 37. Nf1 Rxe2 38. Qxe2 Nf7 39. Nf3 Nf8 40. N1d2 Qc7 41.
b6 Qb8 42. Nb3 g5 43. Nxa5 gxf4 44. Qe7 fxg3 45. Kg2 Qf4 46. Qh4 Qxh4 47. Nxh4
f4 48. Nxb7 Ng6 49. Nxg6 hxg6 50. Nd6 Rf8 51. Re8 1-0

[Event "Europa ch 2014"]
[Site "Yerevan ARM"]
[Date "2014.03.12"]
[Round "9.92"]
[White "Arabidze, Meri"]
[Black "Cerbulenco, Liviu"]
[Result "1-0"]
[WhiteElo "2388"]
[BlackElo "2160"]
[PlyCount "75"]
[EventDate "2014.03.03"]
[EventType "swiss"]
[EventRounds "11"]
[EventCountry "ARM"]
[Source "lmi"]
[SourceDate "2014.03.02"]

1. c4 c5 2. Nf3 Nc6 3. Nc3 e5 4. d3 g6 5. g3 Bg7 6. Bg2 Nge7 7. O-O d6 8. Bd2
O-O 9. a3 a6 10. Rb1 Rb8 11. b4 cxb4 12. axb4 b5 13. cxb5 axb5 14. h4 h6 15.
Nh2 Kh7 16. e4 f5 17. exf5 Bxf5 18. Ne4 Nd4 19. Ra1 Qb6 20. Ng4 Be6 21. Ra3 Rf7
22. h5 Rbf8 23. hxg6+ Kxg6 24. Ne3 Nf3+ 25. Bxf3 Rxf3 26. Ng2 Kh7 27. Nh4 Bg4
28. Qa1 d5 29. Nc5 e4 30. Bc3 R3f7 31. Bxg7 Rxg7 32. dxe4 Bh3 33. Re1 Rgf7 34.
exd5 Nxd5 35. Qb1+ Bf5 36. Nxf5 Rxf5 37. Ra6 Qb8 38. Nd7 1-0

[Event "Europa ch 2014"]
[Site "Yerevan ARM"]
[Date "2014.03.12"]
[Round "9.93"]
[White "Apresyan, Zohrak"]
[Black "Gevorgyan, David"]
[Result "0-1"]
[WhiteElo "2136"]
[BlackElo "2388"]
[PlyCount "84"]
[EventDate "2014.03.03"]
[EventType "swiss"]
[EventRounds "11"]
[EventCountry "ARM"]
[Source "lmi"]
[SourceDate "2014.03.02"]

1. e4 c5 2. Nf3 d6 3. b3 Nf6 4. Nc3 e6 5. Bb5+ Nbd7 6. Bb2 Be7 7. O-O O-O 8.
Re1 a6 9. Bxd7 Nxd7 10. Ne2 e5 11. Ng3 g6 12. c3 f5 13. d4 f4 14. Nf1 Bf6 15.
dxc5 Nxc5 16. b4 Ne6 17. Qd5 Rf7 18. Rad1 g5 19. Qxd6 Qxd6 20. Rxd6 g4 21. N3d2
Ng5 22. Nc4 Be6 23. Nfd2 h5 24. a4 Raf8 25. Nb6 Be7 26. Rd3 f3 27. g3 h4 28.
Nd5 hxg3 29. hxg3 Bd8 30. c4 Rh7 31. Ree3 Nh3+ 32. Kf1 Nf4 33. Kg1 Nh3+ 34. Kf1
Nf4 35. Kg1 Nxd3 36. Rxd3 Rh5 37. Ne3 Kf7 38. Nxg4 Bxg4 39. Nxf3 Bf6 40. Nh2
Be6 41. g4 Rg5 42. c5 Bxg4 0-1

[Event "Europa ch 2014"]
[Site "Yerevan ARM"]
[Date "2014.03.12"]
[Round "9.94"]
[White "Galoyan, Levon"]
[Black "Oganian, Miran"]
[Result "1/2-1/2"]
[WhiteElo "2251"]
[BlackElo "2376"]
[PlyCount "120"]
[EventDate "2014.03.03"]
[EventType "swiss"]
[EventRounds "11"]
[EventCountry "ARM"]
[Source "lmi"]
[SourceDate "2014.03.02"]

1. Nf3 Nf6 2. c4 c5 3. g3 d5 4. cxd5 Nxd5 5. Bg2 Nc6 6. O-O e5 7. Nc3 Nc7 8. d3
Be7 9. Be3 f6 10. Nd2 Be6 11. Na4 Bd5 12. Ne4 Nd4 13. f4 exf4 14. gxf4 f5 15.
Naxc5 Bxe4 16. Nxe4 fxe4 17. dxe4 Bc5 18. Rc1 Bb6 19. Kh1 Nc6 20. Qb3 Bxe3 21.
Qxe3 Qe7 22. e5 O-O-O 23. Bxc6 bxc6 24. Rxc6 Kb7 25. Rfc1 Nd5 26. Qe4 Kb8 27.
a3 Qb7 28. b4 Ne7 29. b5 Rd5 30. a4 Rhd8 31. R6c4 Rd1+ 32. Rxd1 Rxd1+ 33. Kg2
Qxe4+ 34. Rxe4 Kc7 35. Rc4+ Kd7 36. Kf3 g6 37. e4 Ke6 38. h4 Rd3+ 39. Kg2 Ra3
40. Rd4 Nc8 41. Rc4 Ne7 42. Rd4 Kf7 43. Rc4 Ke8 44. h5 Rd3 45. Rc7 Rd7 46. Rxd7
Kxd7 47. hxg6 Nxg6 48. Kg3 h5 49. a5 h4+ 50. Kf3 h3 51. e6+ Kc7 52. f5 Ne5+ 53.
Kg3 Nc4 54. f6 Kd6 55. e7 Kd7 56. b6 axb6 57. axb6 Nxb6 58. Kxh3 Nc8 59. Kg4
Nxe7 60. Kg5 Ke6 1/2-1/2

[Event "Europa ch 2014"]
[Site "Yerevan ARM"]
[Date "2014.03.12"]
[Round "9.95"]
[White "Mkrtchian, Lilit"]
[Black "Poghosyan, Suren"]
[Result "1-0"]
[WhiteElo "2465"]
[BlackElo "2257"]
[PlyCount "60"]
[EventDate "2014.03.03"]
[EventType "swiss"]
[EventRounds "11"]
[EventCountry "ARM"]
[Source "lmi"]
[SourceDate "2014.03.02"]

1. c4 e5 2. Nc3 d6 3. Nf3 f5 4. d4 e4 5. Ng5 c6 6. d5 Be7 7. Nh3 Nf6 8. Nf4 O-O
9. g3 Ng4 10. Bg2 Ne5 11. b3 Bf6 12. Bb2 g5 13. Nh5 Bh8 14. h4 Ng4 15. Qd2 Qb6
16. Qxg5+ Kf7 17. O-O Rg8 18. Qc1 Bd4 19. Nxe4 fxe4 20. Qf4+ Ke8 21. Qxe4+ Be5
22. c5 Qxc5 23. Rac1 Qb6 24. Bxe5 dxe5 25. Qxh7 Rf8 26. Bf3 c5 27. Ng7+ Kd8 28.
Ne6+ Bxe6 29. dxe6 Qxe6 30. Qxb7 e4 1-0

[Event "Europa ch 2014"]
[Site "Yerevan ARM"]
[Date "2014.03.12"]
[Round "9.96"]
[White "Popilski, Gil"]
[Black "Mikaelyan, Arman"]
[Result "1/2-1/2"]
[WhiteElo "2503"]
[BlackElo "2291"]
[PlyCount "131"]
[EventDate "2014.03.03"]
[EventType "swiss"]
[EventRounds "11"]
[EventCountry "ARM"]
[Source "lmi"]
[SourceDate "2014.03.02"]

1. e4 e5 2. Nf3 Nc6 3. Bb5 Nf6 4. d3 Bc5 5. c3 O-O 6. O-O d6 7. h3 a6 8. Bxc6
bxc6 9. Re1 Re8 10. Nbd2 d5 11. exd5 Qxd5 12. Nb3 Bf8 13. c4 Qd6 14. Be3 e4 15.
Bc5 Qxd3 16. Qxd3 exd3 17. Rxe8 Nxe8 18. Bxf8 Kxf8 19. Rd1 Be6 20. Na5 Nd6 21.
b3 c5 22. Rxd3 f6 23. Nd2 Rb8 24. Nf1 Ke8 25. Ne3 Kd7 26. Nd1 Re8 27. Nc3 Bf5
28. Rd5 Re1+ 29. Kh2 Rf1 30. f3 Be6 31. Rd2 h5 32. Ne4 Ke7 33. Nc6+ Kd7 34.
Nb8+ Ke7 35. Ng3 Rb1 36. Nxh5 Bxc4 37. bxc4 Rxb8 38. Nxg7 Kf7 39. Nh5 Rb4 40.
g4 Rxc4 41. Kg3 Rc3 42. Kf2 Nb5 43. Nf4 Nd4 44. Rd3 Rc2+ 45. Kg3 Rxa2 46. h4
Rb2 47. g5 Rb3 48. g6+ Kg7 49. Rxb3 Nxb3 50. h5 Nd4 51. Nd5 c4 52. Kf4 c6 53.
Nc3 a5 54. Ke4 Nb5 55. Na4 Nd6+ 56. Kd4 Kh6 57. Kc5 Nf5 58. Kxc6 Kxh5 59. Kc5
Kxg6 60. Kxc4 Nh4 61. Nc3 Nxf3 62. Nd5 Ne5+ 63. Kb5 Nc6 64. Kxc6 a4 65. Kb5 a3
66. Nc3 1/2-1/2